Miasta przy Drodze Krajowej nr 40 - Statystyki

Ogólne statystyki
  • Ten quiz został rozwiązany 28 razy
  • Średni wynik to 5 z 6
Statystyki odpowiedzi
Ludność Województwo Miasto % Poprawnych
21 170 Opolskie Prudnik
100%
55 750 Opolskie Kędzierzyn-Koźle
95%
13 375 Opolskie Głuchołazy
89%
16 717 Śląskie Pyskowice
68%
1 775 Opolskie Ujazd
53%
5 299 Opolskie Głogówek
47%
Nie znaleziono quizów pasujących do podanych kryteriów
Rozkład punktacji
Procent ludzi z każdym wynikiem
Percentyl według liczby udzielonych odpowiedzi
Twoja historia wyników
Nie rozwiązałeś tego quizu